Public administration in 21st century (Record no. 394425)

MARC details
000 -LEADER
fixed length control field 00474 a2200181 4500
005 - DATE & TIME
control field 20260128105105.0
008 - FIXED-LENGTH DATA ELEMENTS--GENERAL INFORMATION
fixed length control field 260127b |||||||| |||| 00| 0 eng d
020 ## - ISBN
International Standard Book Number 9788183764216
Price Rs. 1795.00
040 ## - CATALOGING SOURCE
Original cataloging agency VIVEKANANDA LIBRARY
082 ## - DDC NUMBER
Classification number 351
Book Number M289P
100 ## - MAIN ENTRY--PERSONAL NAME
Personal name Majumdar, Angshul
245 ## - TITLE STATEMENT
Title Public administration in 21st century
260 ## - PUBLICATION, DISTRIBUTION, ETC. (IMPRINT)
Name of publisher, distributor, etc ABD Publishers
Date of publication, distribution, etc 2023
Place of publication, distribution, etc Jaipur
300 ## - PHYSICAL DESCRIPTION
Pages vi, 216
650 ## - Subject
Subject Public Administration
650 ## - Subject
Subject Bureaucracy
942 ## - ADDED ENTRY ELEMENTS (KOHA)
Koha item type Books
Holdings
Withdrawn status Lost status Source of classification or shelving scheme Damaged status Not for loan Location (home branch) Sublocation or collection (holding branch) Shelving location Date acquired Koha issues (times borrowed) Koha full call number Accession No. Koha date last seen Koha item type
    Dewey Decimal Classification     VIVEKANANDA LIBRARY VIVEKANANDA LIBRARY Vivekananda Library 07/01/2026 1 351 M289P 443944 07/04/2026 Books
© Designed and Maintained by Vivekananda Library, MDU Rohtak